00645nam a2200157 a 450000100100000000500170001000800410002704000250006811000570009324501090015026000770025930000200033604900090035695201050036599900170047000003163220220823125740.0110628s1957 dr 000 0 spa d aDO-SdBNPbspacBNPHU2 aBanco de Reservas de la República Dominicana9628510aBanco de Reservas de la República Dominicana :b17 informe anual correspondiente al ejercicio de 1957. aCiudad Trujillo, Repúbica Dominicana :bImprenta Arte y Cine,c[1957]. a12 p. ;c22 cm. aBNPD 001050718RVaPDbPDcCTd2011-06-28iLF1l0o p31632-10r2020-06-25w2020-06-25y1ZNo se presta c31124d31124